000 00294nam a22001217a 4500
020 _a0-07-099071-9
082 _a005 SCH'T
100 _aSCHEID, F
_974742
245 _aTHEORY AND PROBLEMS OF COMPUTERS AND PROGRAMMING
260 _aNEWYORK
_bMCGRAW HILL
_c1983
300 _a402P
942 _cBK
999 _c580243
_d580243